The van /

Bibliographic Details
Main Author: Doyle, Roddy, 1958-
Format: Book
Language:English
Published: New York, NY : Viking, 1992
Subjects:

MARC

Tag First Indicator Second Indicator Subfields
LEADER 00000cam a2200000 a 4500
001 in00001141621
005 20151001050318.0
008 920512r19921991nyu 000 1 eng
010 |a  92019539  
020 |a 0670845876 :  |c $21.00 
035 |a (OCoLC)25965642 
035 |9 AGB5710AM 
040 |a DLC  |c DLC  |d OCL  |d TXA  |d UtOrBLW 
043 |a e-ie--- 
049 |a TXAM 
050 0 0 |a PR6054.O95  |b V36 1992 
082 0 0 |a 823/.914  |2 20 
100 1 |a Doyle, Roddy,  |d 1958- 
245 1 4 |a The van /  |c Roddy Doyle. 
264 1 |a New York, NY :  |b Viking,  |c 1992 
264 4 |c ©1991 
300 |a 311 pages ;  |c 23 cm. 
336 |a text  |b txt  |2 rdacontent 
337 |a unmediated  |b n  |2 rdamedia 
338 |a volume  |b nc  |2 rdacarrier 
650 0 |a Friendship  |v Fiction. 
651 0 |a Dublin (Ireland)  |v Fiction. 
655 7 |a Humorous fiction.  |2 gsafd 
999 |a MARS 
999 f f |s 1601f3ab-c8bb-34ef-a49d-d87ba92cdf10  |i ea4e4f7b-20c2-3c32-8687-b2b858b19569  |t 0 
952 f f |p normal  |a Texas A&M University  |b College Station  |c Sterling C. Evans Library  |d Evans: Library Stacks  |t 0  |e PR6054.O95 V36 1992  |h Library of Congress classification  |i unmediated -- volume  |m A14817576441 
998 f f |a PR6054.O95 V36 1992  |t 0  |l Evans: Library Stacks